El tabaco rubio en Colombia / (Registro nro. 12643)
[ vista simple ]
| 000 -LEADER | |
|---|---|
| fixed length control field | 01612nam a2200241Ia 4500 |
| 003 - CONTROL NUMBER IDENTIFIER | |
| control field | OSt |
| 005 - DATE AND TIME OF LATEST TRANSACTION | |
| control field | 20211008132138.0 |
| 008 - FIXED-LENGTH DATA ELEMENTS--GENERAL INFORMATION | |
| fixed length control field | 210310s1983 ck ad gr 000 0 spa d |
| 040 ## - CATALOGING SOURCE | |
| Original cataloging agency | CO-JMCR |
| Transcribing agency | CO-JMCR |
| 041 0# - LANGUAGE CODE | |
| Language code of text/sound track or separate title | spa |
| 082 04 - DEWEY DECIMAL CLASSIFICATION NUMBER | |
| Classification number | 338.17371 / |
| Item number | C736t |
| Edition number | 23 |
| 110 2# - MAIN ENTRY--CORPORATE NAME | |
| Corporate name or jurisdiction name as entry element | Compañía Colombiana de Tabaco SA, |
| Relator term | autor |
| 9 (RLIN) | 41048 |
| 245 13 - TITLE STATEMENT | |
| Title | El tabaco rubio en Colombia / |
| Statement of responsibility, etc. | Compañía colombiana de tabaco S. A., Productora Tabacalera de Colombia S. A., |
| 260 ## - PUBLICATION, DISTRIBUTION, ETC. | |
| Place of publication, distribution, etc. | Bogotá : |
| Name of publisher, distributor, etc. | Servigráficas, |
| Date of publication, distribution, etc. | 1983. |
| 300 ## - PHYSICAL DESCRIPTION | |
| Extent | [110] páginas : |
| Other physical details | ilustraciones, gráficas y fotografías a color ; |
| Dimensions | 27 cm. |
| 500 ## - GENERAL NOTE | |
| General note | Incluye índices. |
| 505 0# - FORMATTED CONTENTS NOTE | |
| Formatted contents note | Tabacos rubios. -- Zonas de cultivo de tabaco rubio. -- Areas de cultivo de tabaco rubio. -- Numero de agricultores de tabaco rubio. -- Generación de empleo de tabaco rubio. -- Producción de tabaco rubio. -- Costos de los cultivos de tabaco rubio y de las construcciones. Ingreso neto en tabaco rubio. -- Financiación del cultivo del tabaco rubio. -- Financiación de las compañías. -- Mercadeo del tabaco rubio. -- Asistencia técnica. -- Investigación. -- Las agroindustrias. -- Proyecciones de la producción de tabaco para 5 años, 1984-85 1988-89. -- Necesidades de crédito e insumos para proyección. Con incremento anual de áreas de 15%. -- Contrabando.-- Conclusiones sobre tabaco rubio.<br/> |
| 650 14 - SUBJECT ADDED ENTRY--TOPICAL TERM | |
| Topical term or geographic name entry element | Tabaco Rubio |
| Form subdivision | Industria |
| Geographic subdivision | Colombia |
| 9 (RLIN) | 41049 |
| 650 24 - SUBJECT ADDED ENTRY--TOPICAL TERM | |
| Topical term or geographic name entry element | Tabaco Rubio |
| Form subdivision | Comercio |
| Geographic subdivision | Colombia |
| 9 (RLIN) | 41050 |
| 650 24 - SUBJECT ADDED ENTRY--TOPICAL TERM | |
| Topical term or geographic name entry element | Tabaco Rubio |
| Form subdivision | Producción |
| Geographic subdivision | Colombia |
| 9 (RLIN) | 41051 |
| 710 1# - ADDED ENTRY--CORPORATE NAME | |
| Corporate name or jurisdiction name as entry element | Productora Tabacalera de Colombia S. A., |
| Relator term | autor |
| 9 (RLIN) | 41052 |
| 942 ## - ADDED ENTRY ELEMENTS (KOHA) | |
| Source of classification or shelving scheme | Dewey Decimal Classification |
| Koha item type | Books |
| Withdrawn status | Lost status | Source of classification or shelving scheme | Damaged status | Not for loan | Home library | Current library | Shelving location | Date acquired | Source of acquisition | Full call number | Barcode | Date last seen | Copy number | Price effective from | Koha item type |
|---|---|---|---|---|---|---|---|---|---|---|---|---|---|---|---|
| Dewey Decimal Classification | Biblioteca Pública José María del Castillo y Rada | Biblioteca Pública José María del Castillo y Rada | General Stacks | 04/15/2018 | Donación | 338.17371 / C736t | 430005193 | 05/16/2024 | Ej.1 | 03/10/2021 | Books |